| 000 | 01030nam a22001697a 4500 | ||
|---|---|---|---|
| 008 | 120913t xxu||||| |||| 00| 0 eng d | ||
| 020 | _a0815957181 | ||
| 050 | _aHG221.3.D323 | ||
| 100 | _aDahlberg, Arthur O. | ||
| 245 |
_aHow to reduce interest rates and poverty. / _cArthur O. Dahlberg |
||
| 260 |
_aConnecticut: _bDevin-Adair, _cc1984. |
||
| 300 |
_axx,149 p.: _bill.; _c22cm. |
||
| 500 | _aIncludes index | ||
| 505 | _aContents: The Nature of the problem -- You, too, can understand money -- A Shifted tax that would lower interest rates immediately -- Roadblocks to the prompt disbursement of money -- Savings -- How hoardable money undermines labor's bargaining power -- Labor unionism: a struggle for income, power, and equity -- The Benefits derived from a shifted tax on demand deposits -- The Gothic age and non-hoardable money -- The Roots of trransfer payments -- The Nature of interest -- The Determinants of interest rates -- How money is given an excessive store of value. | ||
| 650 | _bMoney. | ||
| 942 |
_2lcc _cBK |
||
| 999 |
_c2332 _d9832 |
||